000 00488 a2200169 4500
001 189446
020 _a978-85-7631-165-2
040 _cMagnum
100 _aMinistério das Relações Exteriores
240 1 0 _aMiguel Ozorio de Almeida
_lpor
245 1 0 _aMiguel Ozorio de Almeida
300 _a188
362 0 _a2009
440 1 _aFundação Alexandre de Gusmão
697 _aRELALÇÕES INTERNACIONAIS, POLÍTICA MUNDIAL. POLÍTICA INTERNACIONAL. POLÍTICA EXTERNA
942 _cBK
999 _c189446
_d189446